Normal view MARC view
  • Jeffery, G. H.,

Entry Personal Name

Number of records used in: 3

001 - CONTROL NUMBER

  • control field: 1096

003 - CONTROL NUMBER IDENTIFIER

  • control field: NUST

005 - DATE AND TIME OF LATEST TRANSACTION

  • control field: 20170518133424.0

008 - FIXED-LENGTH DATA ELEMENTS

  • fixed length control field: 170518|| aca||aabn | a|a d

040 ## - CATALOGING SOURCE

  • Original cataloging agency: NUST
  • Transcribing agency: NUST

100 ## - HEADING--PERSONAL NAME

  • Personal name: Jeffery, G. H.,
  • Dates associated with a name: 1909-

670 ## - SOURCE DATA FOUND

  • Source citation: Work cat.: (NUST)0: Jeffery,G H 1094, Vogel's textbook of quantitative chemical analysis., 1989.
© 2023 Central Library, National University of Sciences and Technology. All Rights Reserved.